00589nam a2200169 a 4500008004100000020001800041050001500059100002100074245016200095250001600257260002600273300003000299650002900329700002400358700002100382700001600403190823s2015 ||||||||||||||||| || u a9781292068909 aTJ 216 Fra aFranklin, Gene F10aFeedback control of dynamic systems. (7th edition)cBy Gene F. Franklin ; J. David Powell ; Abbas Emami-Naeini ; Global editions contributions by Sanjay H.S. a7th edition aBostonbPearsonc2015 a880 pages : illustrations aFEEDBACK CONTROL SYSTEMS aEmami-Naeini, Abbas aPowell, J. David aSanjay, H.S